000 00388nam a22001457a 4500
005 20200610104906.0
008 200610b xxu||||| |||| 00| 0 eng d
082 _a345.4 AIR
110 _aALL INDIA REPORTER
_95895
245 _aALL INDIA REPORTER, 1960 (VOL-47) ASSAM SECTION
260 _aMUMBAI
_bALL INDIA REPORTER, PVT LTD.
300 _a560;p
650 _aLAW
_95701
942 _cJRL
999 _c6957
_d6955